| 000 | 00462nam a2200181 a 4500 | ||
|---|---|---|---|
| 001 | 530355 | ||
| 005 | 20240222055404.0 | ||
| 008 | 860731s1986 ii b 001 0 eng | ||
| 040 |
_aDLC _cDLC _dDLC |
||
| 082 | 0 | 0 |
_a320.909548 _222 _bTAM. |
| 100 | 1 | _aIrschick, Eugene F. | |
| 245 | 1 | 0 |
_aTamil revivalism in the 1930s / _cEugene F. Irschick. |
| 250 | _a1st ed. | ||
| 260 |
_aMadras : _bCre-A, _c1986. |
||
| 300 | _a372 p., | ||
| 500 | _aIncludes index. | ||
| 942 | _cL | ||
| 999 |
_c478 _d478 |
||